000 00611nam a2200253Ia 4500
008 160321s9999||||xx |||||||||||||| ||und||
040 _cEnglish
082 _aXI.B Commins
082 _bBORI-49841
100 _aSaxe Commins
245 4 _aThe Social Philosophers
300 _a496
300 _cE
300 _ePaperback
530 _u00019173.pdf
563 _aStudy
600 _aSaxe Commins
630 _aThe Social Philosophers
650 _a"Social History, Culture"
650 _aGeneral Indology
700 _aSaxe Commins
730 _aThe Social Philosophers
942 _cBOOK
999 _c1363549
_d1363546